| 000 | 004520000a22001330004500 | ||
|---|---|---|---|
| 090 |
_aAR _b04266 |
||
| 245 | 1 | 0 | _aPatterns of landscape transformation in Colombia, with emphasis in the Andean Region |
| 500 | _a<Literatura de escarabajos coprófagos> | ||
| 041 | 0 | _aInglés | |
| 700 | 1 |
_aWyngaarden , Willem van _922795 |
|
| 100 | 1 |
_aEtter, Andrés _92721 |
|
| 942 | _cARTICULO | ||
| 773 | 1 |
_tAMBIO _ka journal of the human environment _h7 _q432-439 _d2000? _g29 |
|
| 999 |
_c13363 _d13363 |
||